000
00255nam a22001217a 4500
008
170426b xxu||||| |||| 00| 0 eng d
041
_a
eng
080
_a
54
100
_a
12
101
_a
SHM
245
_a
PHYSICAL CHEMISTRY
_c
MARL.H
942
_2
udc
_c
BK
999
_c
12051
_d
12051